The cloud book : (Record no. 3167)

MARC details
000 -LEADER
fixed length control field 00889cam a2200265 i 4500
005 - DATE AND TIME OF LATEST TRANSACTION
control field 20250815094001.0
020 ## - INTERNATIONAL STANDARD BOOK NUMBER
International Standard Book Number 059008531X
040 ## - CATALOGING SOURCE
Original cataloging agency DLC
Transcribing agency DLC
Modifying agency DLC
Language of cataloging eng
050 00 - LIBRARY OF CONGRESS CALL NUMBER
Classification number 551.576
082 00 - DEWEY DECIMAL CLASSIFICATION NUMBER
Classification number QC921.D46
100 1# - MAIN ENTRY--PERSONAL NAME
Personal name DePaola, Tomie
245 14 - TITLE STATEMENT
Title The cloud book :
Remainder of title words and pictures /
Statement of responsibility, etc. by De Paola, Tomie
260 ## - PUBLICATION, DISTRIBUTION, ETC.
Place of publication, distribution, etc. New York :
Name of publisher, distributor, etc. Scholastic,
Date of publication, distribution, etc. 1975
300 ## - PHYSICAL DESCRIPTION
Extent 30 pages :
Other physical details color illustrations ;
Dimensions 23 cm.
500 ## - GENERAL NOTE
General note Includes index.
505 ## - FORMATTED CONTENTS NOTE
Formatted contents note Q <br/>
520 ## - SUMMARY, ETC.
Summary, etc. Introduces the ten most common types of clouds, the myths that have been inspired by their shapes, and what they can tell about coming weather changes.
521 ## - TARGET AUDIENCE NOTE
Target audience note 680 <br/>
Source Lexile <br/><br/>
521 ## - TARGET AUDIENCE NOTE
Target audience note Q <br/>
Source Raz-Plus <br/>
650 #0 - SUBJECT ADDED ENTRY--TOPICAL TERM
Topical term or geographic name entry element Clouds
Form subdivision Juvenile literature
650 #1 - SUBJECT ADDED ENTRY--TOPICAL TERM
Topical term or geographic name entry element Clouds.
Form subdivision Juvenile literature
906 ## - LOCAL DATA ELEMENT F, LDF (RLIN)
a 7
b cbc
c orignew
d 1
e ocip
f 19
g y-gencatlg
942 ## - ADDED ENTRY ELEMENTS (KOHA)
Source of classification or shelving scheme Dewey Decimal Classification
Koha item type Books
Suppress in OPAC No
999 ## -
-- 3167
-- 3167
Holdings
Withdrawn status Lost status Source of classification or shelving scheme Damaged status Not for loan Collection Home library Current library Shelving location Date acquired Total Checkouts Full call number Barcode Date last seen Copy number Price effective from Koha item type
    Dewey Decimal Classification     Juvenile Fiction Footprints International School Library Network Toul Tom Poung Campus Footprints International School Library Network Toul Tom Poung Campus TTP Primary Orange Bookshelves 02/15/2024   PAO 551.576 QC921.D46 FISTK02571 02/15/2024 1 02/15/2024 Books
    Dewey Decimal Classification     Juvenile Fiction Footprints International School Library Network Toul Tom Poung Campus Footprints International School Library Network Toul Tom Poung Campus TTP Primary Orange Bookshelves 08/15/2025   PAO 551.576 QC921.D46 FISBK06155 08/15/2025 2 08/15/2025 Books
    Dewey Decimal Classification     Juvenile Fiction Footprints International School Library Network Toul Tom Poung Campus Footprints International School Library Network Toul Tom Poung Campus TTP Primary Orange Bookshelves 09/09/2025   PAO 551.576 QC921.D46 FIS01880 09/09/2025 3 09/09/2025 Books